|
|
|
|
| LEADER |
01040naa a2200289 i 4500 |
| 001 |
publ26029 |
| 005 |
20230109145339.0 |
| 008 |
230109s2020 hu o 0|| Angol d |
| 020 |
|
|
|a 9781728185262
|
| 024 |
7 |
|
|a 10.1109/SMC42975.2020.9282886
|2 doi
|
| 024 |
7 |
|
|a 31797153
|2 mtmt
|
| 040 |
|
|
|a SZTE Publicatio Repozitórium
|b hun
|
| 041 |
|
|
|a Angol
|
| 100 |
1 |
|
|a Urenda Julio C.
|
| 245 |
1 |
0 |
|a Why Squashing Functions in Multi-Layer Neural Networks
|h [elektronikus dokumentum] /
|c Urenda Julio C.
|
| 260 |
|
|
|a IEEE
|b Piscataway (NJ)
|c 2020
|
| 300 |
|
|
|a 7
|
| 300 |
|
|
|a 1705-1711
|
| 490 |
0 |
|
|a 2020 IEEE International Conference on Systems, Man, and Cybernetics (SMC)
|
| 650 |
|
4 |
|a Számítás- és információtudomány
|
| 700 |
0 |
1 |
|a Csiszár Orsolya
|e aut
|
| 700 |
0 |
1 |
|a Csiszár Gábor
|e aut
|
| 700 |
0 |
1 |
|a Dombi József
|e aut
|
| 700 |
0 |
1 |
|a Kosheleva Olga
|e aut
|
| 700 |
0 |
1 |
|a Kreinovich Vladik
|e aut
|
| 700 |
0 |
1 |
|a Eigner György
|e aut
|
| 856 |
4 |
0 |
|u http://publicatio.bibl.u-szeged.hu/26029/1/2020_Whysquashingfunctions_Urenda.pdf
|z Dokumentum-elérés
|